| 000 | 00000nam##2200000za#4500 |
| 001 | 9.675632 |
| 003 | CaOODSP |
| 005 | 20210624225346 |
| 007 | cr ||||||||||| |
| 008 | 150407|2000||||xxc|||||o f|0| 0 fre|d |
| 040 | |aCaOODSP|bfre |
| 041 | |aeng |
| 041 | |afre |
| 043 | |an-cn--- |
| 086 | 1 |aM92-205/2000-PDF |
| 110 | 1 |aCanada.|bRessources naturelles Canada. |bOffice de l'efficacité énergétique. |
| 245 | 10|aTout sur le bon sens au volant : |h[ressource électronique]|bÉnerGuide pour les véhicules et Le bon $ens au volant |
| 246 | 1 |iTitre de renvoi : |aÉnerGuide pour les véhicules et Le bon $ens au volant |
| 260 | |bRessources naturelles Canada. |cc2000. |
| 300 | |a2p.|bill. en couleur, photographies |
| 500 | |aLe texte français suit le texte anglais. Le n° de catalogue (M92-205/2000) et l'ISBN (0-662-65322-X) de l'édition imprimée bilingue ont été incorrectement copiés dans cette édition électronique. |
| 590 | |a12-15-Supp|b2012-04-13 |
| 691 | 07|aConduite|2gcpds |
| 691 | 07|aRendement énergétique|2gcpds |
| 791 | |tAll about driving smarter : |eeng|w(CaOODSP)9.675631 |
| 856 | 40|ahttp://publications.gc.ca|qPDF|s1.02 Mo|uhttps://publications.gc.ca/collections/Collection/M92-205-2000F.pdf |